000 00938cam a2200253 a 4500
008
020 _a0028001761 (pbk)
049 _aMAIN
090 _aZ52.5.W65 CAM
100 1 _aCampbell, David R.
245 1 0 _aMastering WordPerfect 5.1 :
_bcovers versions 5.0 and 5.1 /
_cDavid R. Campbell, Mary V. Campbell.
260 _aLake Forest, Ill. :
_bMacmillan/McGraw-Hill,
_cc1992.
300 _axvii, 651 p. :
_bill. ;
_c24 cm. +
_e2 computer disks (3 1/2-5 1/4 in.)
500 _aSystem requirements for computer disks (same software on both disks): PC; DOS; WordPerfect 5.1; floppy or hard disk system; printer.
500 _aIncludes index.
630 0 0 _aWordPerfect (Computer file)
650 0 _aWord processing.
700 1 _aCampbell, Mary V.
907 _a.b10028225
_b22-01-07
_c17-04-03
003
005 20230123134335.0
040 _cNUST
942 _cBOOKS
_kZ52.5.W65 CAM
999 _c164219
_d164219